Современный русский язык: учебное пособие

מידע ביבליוגרפי
מחבר ראשי: Розенталь Д. Э. Дитмар Эльяшевич
מחברים אחרים: Голуб И. Б. Ирина Борисовна, Теленкова М. А. Маргарита Алексеевна
סיכום:Пособие содержит все разделы курса современного русского языка и написано в полном соответствии с программой для факультетов филологического профиля. Теоретический материал излагается с использованием традиционных лингвистических терминов. Спорные вопросы теории русского языка освещаются с разных точек зрения. Все положения иллюстрируются примерами из русской классической и современной прозы, поэзии и публицистики. Даны упражнения и вопросы для закрепления материала. Пособие адресуется студентам факультетов гуманитарного профиля.ККЬ 81 9Р1ГЛ О
שפה:רוסית
יצא לאור: Москва, Айрис-пресс, 2010
מהדורה:11-е изд.
נושאים:
פורמט: ספר
KOHA link:https://koha.lib.tpu.ru/cgi-bin/koha/opac-detail.pl?biblionumber=246398

MARC

LEADER 00000nam0a2200000 4500
001 246398
005 20231101232213.0
010 |a 9785811240982 
035 |a (RuTPU)RU\TPU\book\267848 
035 |a RU\TPU\book\135076 
090 |a 246398 
100 |a 20131203d2010 m y0rusy50 ca 
101 0 |a rus 
102 |a RU 
105 |a y j 000zy 
200 1 |a Современный русский язык  |e учебное пособие  |f Д. Э. Розенталь, И. Б. Голуб, М. А. Теленкова 
205 |a 11-е изд. 
210 |a Москва  |c Айрис-пресс  |d 2010 
215 |a 444 с. 
330 |a Пособие содержит все разделы курса современного русского языка и написано в полном соответствии с программой для факультетов филологического профиля. Теоретический материал излагается с использованием традиционных лингвистических терминов. Спорные вопросы теории русского языка освещаются с разных точек зрения. Все положения иллюстрируются примерами из русской классической и современной прозы, поэзии и публицистики. Даны упражнения и вопросы для закрепления материала. Пособие адресуется студентам факультетов гуманитарного профиля.ККЬ 81 9Р1ГЛ О 
451 1 |0 (RuTPU)RU\TPU\book\71577  |y 5-8112-0279-2  |t Современный русский язык  |o учебное пособие  |f Д. Э. Розенталь, И. Б. Голуб, М. А. Теленкова  |e 5-е изд. испр.   |c М.  |n Айрис-пресс  |d 2003  |p 448 с.  |a Розенталь, Дитмар Эльяшевич 
606 1 |a Русский язык  |x Учебные руководства и пособия для высшей школы  |2 stltpush  |3 (RuTPU)RU\TPU\subj\26398  |9 50338 
610 1 |a лексика 
610 1 |a фразеология 
610 1 |a омонимы 
610 1 |a синонимия 
610 1 |a антонимы 
610 1 |a устаревшие слова 
610 1 |a жаргон 
610 1 |a стилистическая окраска 
610 1 |a лексикография 
610 1 |a фонетика 
610 1 |a орфоэпия 
610 1 |a графика 
610 1 |a орфография 
610 1 |a словообразование 
610 1 |a морфология 
610 1 |a существительные 
610 1 |a прилагательные 
610 1 |a числительные 
610 1 |a местоимения 
610 1 |a глаголы 
610 1 |a наречие 
610 1 |a служебные части речи 
610 1 |a синтаксис 
610 1 |a предложения 
610 1 |a простое предложение 
610 1 |a сложное предложение 
610 1 |a пунктуация 
610 1 |a упражнения 
610 1 |a учебные пособия 
686 |a Ш141.2-923  |v LBC/SL-A  |2 rubbk 
700 1 |a Розенталь  |b Д. Э.  |g Дитмар Эльяшевич 
701 1 |a Голуб  |b И. Б.  |g Ирина Борисовна 
701 1 |a Теленкова  |b М. А.  |g Маргарита Алексеевна 
801 1 |a RU  |b 63413507  |c 20071108  |g PSBO 
801 2 |a RU  |b 63413507  |c 20151013  |g PSBO 
942 |c BK 
959 |a 78/20071106  |d 2  |e 186,01  |f АНЛ:1  |f ЧЗИЛ:1